The Enduring Vision/ (Record no. 504)
[ view plain ]
| 000 -LEADER | |
|---|---|
| fixed length control field | 00720nam a22002417a 4500 |
| 005 - DATE AND TIME OF LATEST TRANSACTION | |
| control field | 20140731092034.0 |
| 008 - FIXED-LENGTH DATA ELEMENTS--GENERAL INFORMATION | |
| fixed length control field | 140731b xxu||||| |||| 00| 0 eng d |
| 020 ## - INTERNATIONAL STANDARD BOOK NUMBER | |
| International Standard Book Number | 0618280731 |
| 024 #0 - OTHER STANDARD IDENTIFIER | |
| Terms of availability | eng |
| 080 ## - UNIVERSAL DECIMAL CLASSIFICATION NUMBER | |
| Universal Decimal Classification number | 93/99 |
| 082 ## - DEWEY DECIMAL CLASSIFICATION NUMBER | |
| Classification number | (7) |
| 100 ## - Rafti | |
| Rafti | Boyer S. Paul |
| 245 ## - TITLE STATEMENT | |
| Title | The Enduring Vision/ |
| Statement of responsibility, etc | Paul S. Boyer; Clifford E. Clark, Jr; Joseph F. Kett; Neal Salisbury; Harvard Sitkoff; Nancy Woloch. |
| 250 ## - | |
| -- | 5 th.ed.; |
| 260 ## - | |
| -- | U.S.A, |
| -- | Houghton Miffli, |
| -- | 2004. |
| 300 ## - | |
| -- | f.: [1101] |
| -- | me il.; |
| -- | 25 cm, |
| 500 ## - | |
| -- | Index f.[1052 - 1101] |
| 650 ## - | |
| -- | Historia |
| 650 ## - | |
| -- | Popullsia |
| 650 ## - | |
| -- | Amerika |
| 700 ## - | |
| -- | Clifford E. Clark, Jr; |
| 942 ## - ADDED ENTRY ELEMENTS (KOHA) | |
| Source of classification or shelving scheme | |
| Item type | Books |
| Withdrawn status | Lost status | Source of classification or shelving scheme | Damaged status | Not for loan | Collection code | Permanent location | Current location | Shelving location | Date acquired | Total Checkouts | Full call number | Barcode | Date last seen | Koha item type |
|---|---|---|---|---|---|---|---|---|---|---|---|---|---|---|
| Koleksioni i përgjithshem | UBT - Ferizaj | UBT - Ferizaj | Koleksioni i përgjithshem | 07/31/2014 | 93/99 (7) BOY | 003000744 | 07/31/2014 | Books | ||||||
| Koleksioni i përgjithshem | UBT - Ferizaj | UBT - Ferizaj | Koleksioni i përgjithshem | 07/31/2014 | 93/99 (7) BOY | 003000745 | 07/31/2014 | Books | ||||||
| Koleksioni i përgjithshem | UBT - Ferizaj | UBT - Ferizaj | Koleksioni i përgjithshem | 07/31/2014 | 93/99 (7) BOY | 003000746 | 07/31/2014 | Books | ||||||
| Koleksioni i përgjithshem | UBT - Ferizaj | UBT - Ferizaj | Koleksioni i përgjithshem | 07/31/2014 | 93/99 (7) BOY | 003000747 | 07/31/2014 | Books | ||||||
| Koleksioni i përgjithshem | UBT - Ferizaj | UBT - Ferizaj | Koleksioni i përgjithshem | 07/31/2014 | 93/99 (7) BOY | 003000748 | 07/31/2014 | Books | ||||||
| Koleksioni i përgjithshem | UBT - Ferizaj | UBT - Ferizaj | Koleksioni i përgjithshem | 07/31/2014 | 93/99 (7) BOY | 003000749 | 07/31/2014 | Books | ||||||
| Koleksioni i përgjithshem | UBT - Ferizaj | UBT - Ferizaj | Koleksioni i përgjithshem | 07/31/2014 | 93/99 (7) BOY | 003000750 | 07/31/2014 | Books | ||||||
| Koleksioni i përgjithshem | UBT - Ferizaj | UBT - Ferizaj | Koleksioni i përgjithshem | 07/31/2014 | 93/99 (7) BOY | 003000751 | 07/31/2014 | Books | ||||||
| Koleksioni i përgjithshem | UBT - Ferizaj | UBT - Ferizaj | Koleksioni i përgjithshem | 07/31/2014 | 93/99 (7) BOY | 003000752 | 07/31/2014 | Books | ||||||
| Koleksioni i përgjithshem | UBT - Ferizaj | UBT - Ferizaj | Koleksioni i përgjithshem | 07/31/2014 | 93/99 (7) BOY | 003000753 | 07/31/2014 | Books |